000 00574 a2200169 4500
999 _c7404
_d7404
010 _aENG-87981
020 _a8186771549
_c250.00
035 _aEN-71514
037 _bDBAD / PUB
082 1 4 _a362.29386
100 _aPathak, S.N.
245 1 _aTreatment and rehabilitation of drug addicts /
_cby S.N.Pathak, S.N.Pandey [and] Sanjay Kumar Pandey
260 _aDelhi
_bSerials Publications
_c2006
270 _a4, B.S.S Hall, Khyber pass Market, civil lines
_bDelhi
_e110 054
300 _aiii, 105 p.
_c22 cm (Hb)
942 _adpl
_cEN
_2ddc
_h362.29386
_mPAT